000 00201nam a2200085Ia 4500
008 120527s9999 xx 000 0 und d
100 _aPreatly & Quinsey
245 _aHuman sexual aggression
942 _cBK
999 _c27608
_d27608